[Event "53rd World U20 ch"]
[Site "Pune IND"]
[Date "2014.10.15"]
[Round "9.59"]
[White "Patil, Pratik"]
[Black "Stamos, Filippos"]
[Result "1-0"]
[WhiteElo "2231"]
[BlackElo "2076"]
[EventDate "2014.10.06"]
[PlyCount "59"]

1.e4 c5 2.c3 d5 3.exd5 Qxd5 4.d4 Nf6 5.Nf3 Bg4 6.dxc5 Qxc5 7.Na3 a6 8.Be2 
Nbd7 9.O-O e6 10.Qa4 Rd8 11.Rd1 Be7 12.Be3 Qc8 13.Bb6 O-O 14.Bxd8 Bxd8 15.
Nd4 Bxe2 16.Nxe2 b5 17.Qf4 Bc7 18.Qh4 Ne5 19.Nc2 Ng6 20.Qh3 Bb6 21.Ne3 Qc5
22.Nd4 Nf4 23.Qf3 Qg5 24.h4 Qh6 25.Ndf5 exf5 26.Nxf5 Ne2+ 27.Qxe2 Qf4 28.
Qf3 Qc4 29.Rd6 Bc5 30.Rxf6 1-0

[Event "53rd World U20 ch"]
[Site "Pune IND"]
[Date "2014.10.15"]
[Round "9.60"]
[White "Sai Agni Jeevitesh, J."]
[Black "Abhijith, M."]
[Result "0-1"]
[WhiteElo "2068"]
[BlackElo "2126"]
[EventDate "2014.10.06"]
[PlyCount "116"]

1.d4 Nf6 2.Nf3 c6 3.c4 d5 4.Nc3 g6 5.cxd5 cxd5 6.e3 Bg7 7.Bd3 O-O 8.O-O 
Nc6 9.a3 Bg4 10.Be2 Rc8 11.Bd2 Ne4 12.h3 Nxd2 13.Qxd2 Bxf3 14.Bxf3 e6 15.
b4 Qg5 16.Qd3 e5 17.Bxd5 exd4 18.Bxc6 dxc3 19.Bxb7 Rc7 20.Be4 c2 21.Rac1 
Rfc8 22.Qb3 Qe5 23.Bf3 Qc3 24.Qa4 Qc4 25.Bg4 f5 26.Bf3 Bb2 27.Qa5 Qc3 28.
Qd5+ Kh8 29.b5 Bxc1 30.Rxc1 Qb2 31.Qd4+ Qxd4 32.exd4 Rc3 33.Bc6 Rb3 34.Kh2
Rb1 35.Rxc2 Rxb5 36.a4 Rd5 37.Rc4 Rd6 38.d5 Kg7 39.Rb4 Rc7 40.Kg3 Kf6 41.
f4 Rd8 42.Kf3 Ke7 43.g4 Kd6 44.Rb1 Re7 45.Kf2 Re4 46.Kf3 Rc8 47.Rb7 Rc7 
48.Rb8 Rc4 49.gxf5 gxf5 50.Rf8 Rc3+ 51.Kf2 Rxh3 52.Rf6+ Kc5 53.Rxf5 Rc8 
54.Rf7 Rb8 55.Rb7 Rxb7 56.Bxb7 a5 57.Bc6 Rd3 58.Kg2 Kd4 0-1

[Event "53rd World U20 ch"]
[Site "Pune IND"]
[Date "2014.10.15"]
[Round "9.61"]
[White "Dhulipalla, Bala Chandra Prasad"]
[Black "Ajay Krishna, S"]
[Result "1/2-1/2"]
[WhiteElo "2118"]
[BlackElo "2072"]
[EventDate "2014.10.06"]
[PlyCount "60"]

1.d4 Nf6 2.Bf4 c5 3.e3 d5 4.c3 Nc6 5.Nd2 Bf5 6.Qb3 Qd7 7.Ngf3 c4 8.Qb5 e6 
9.b3 cxb3 10.Qxb3 Nh5 11.Ne5 Qc8 12.g4 Nxf4 13.gxf5 Nh5 14.Rg1 g6 15.fxe6 
fxe6 16.c4 Bb4 17.Nxc6 Bxd2+ 18.Kxd2 bxc6 19.Qa3 Qc7 20.Rb1 Kf7 21.f4 Rab8
22.Bd3 Rxb1 23.Rxb1 Rb8 24.Rb3 Nf6 25.c5 Nd7 26.Kc3 Rb7 27.Qa6 Rb8 28.Qa3 
Rb7 29.Qa6 Rb8 30.Qa3 Rb7 1/2-1/2

[Event "53rd World U20 ch"]
[Site "Pune IND"]
[Date "2014.10.15"]
[Round "9.62"]
[White "Taalaibekov, Tagir"]
[Black "Manigandan, S. S."]
[Result "0-1"]
[WhiteElo "1948"]
[BlackElo "2099"]
[EventDate "2014.10.06"]
[PlyCount "74"]

1.d4 Nf6 2.g3 g6 3.Bg2 d5 4.c4 Bg7 5.Nf3 O-O 6.O-O dxc4 7.Ne5 c5 8.dxc5 
Qc7 9.Nxc4 Qxc5 10.Nba3 Nc6 11.Bd2 Be6 12.Rc1 Rfd8 13.Qe1 Nd5 14.Ne5 Qb6 
15.Nxc6 bxc6 16.Nc4 Qa6 17.Na5 Bxb2 18.Rxc6 Qb5 19.Qb1 Rab8 20.e4 Ne3 21.
Bxe3 Qxa5 22.Qc2 Qxa2 23.Rb1 Be5 24.Qxa2 Bxa2 25.Rxb8 Bxb8 26.Bf1 Be6 27.
f4 Rd1 28.Kf2 Bd7 29.Rc5 Rb1 30.Bd4 Be6 31.Bd3 Rb7 32.Bc4 Bd6 33.Rc6 Bd7 
34.Rxd6 exd6 35.Bd5 Rc7 36.Ke3 Be6 37.Bc4 Bd7 0-1

[Event "53rd World U20 ch"]
[Site "Pune IND"]
[Date "2014.10.15"]
[Round "9.63"]
[White "Nader, Mohamed"]
[Black "Horton, Jamie"]
[Result "1/2-1/2"]
[WhiteElo "2098"]
[BlackElo "2064"]
[EventDate "2014.10.06"]
[PlyCount "135"]

1.d4 Nf6 2.Nf3 e6 3.e3 c5 4.Bd3 d5 5.c3 Be7 6.Nbd2 O-O 7.O-O b6 8.Ne5 Bb7 
9.f4 Ne4 10.Nxe4 dxe4 11.Bc4 Bd5 12.Bb3 f6 13.Ng4 Kh8 14.a4 c4 15.Bc2 Nc6 
16.b3 cxb3 17.Bxb3 Na5 18.Bc2 Rc8 19.Bd2 Qd7 20.Qc1 Rc7 21.Be1 Bc4 22.Bxe4
Bxf1 23.Kxf1 Nb3 24.Qb2 Nxa1 25.Qxa1 e5 26.Nf2 exd4 27.exd4 f5 28.Bc2 Bb4 
29.Bb3 Ba5 30.Qa3 Qe7 31.Qxe7 Rxe7 32.Nd3 Rc7 33.c4 Bxe1 34.Kxe1 g6 35.Ne5
Kg7 36.Kd2 Kf6 37.Kc3 Rd8 38.Bd1 g5 39.g3 gxf4 40.gxf4 Rg7 41.Bf3 Rg1 42.
a5 Ra1 43.axb6 axb6 44.h4 Rc1+ 45.Kd3 Rd6 46.h5 Ra1 47.d5 Re1 48.Kd4 Rc1 
49.Kd3 Re1 50.Kd4 Rc1 51.Kd3 Ra1 52.Kd4 Rd8 53.Be2 Ra4 54.Bf3 b5 55.Bd1 
Ra1 56.Bf3 bxc4 57.Nxc4 Rf1 58.Ne5 Rc1 59.Be2 Rc2 60.Bc4 Rf2 61.Ke3 Rh2 
62.Nc6 Rc8 63.Ba6 Ra8 64.Bc4 Rc8 65.Ba6 Ra8 66.Bc4 Rc8 67.Ba6 Rc7 68.Kd4 
1/2-1/2

[Event "53rd World U20 ch"]
[Site "Pune IND"]
[Date "2014.10.15"]
[Round "9.64"]
[White "Wagh, Suyog"]
[Black "Nitish, Belurkar"]
[Result "1/2-1/2"]
[WhiteElo "2001"]
[BlackElo "2046"]
[EventDate "2014.10.06"]
[PlyCount "64"]

1.d4 d6 2.Nf3 Bg4 3.c4 Nd7 4.Qb3 Rb8 5.h3 Bxf3 6.Qxf3 g6 7.Qd3 Bg7 8.g3 e5
9.dxe5 Nxe5 10.Qc2 Ne7 11.Bg2 O-O 12.O-O Nf5 13.e3 Qe7 14.Nc3 c6 15.b3 
Rbc8 16.Bb2 a6 17.a4 Rfd8 18.Qe2 h5 19.Rfd1 a5 20.e4 Nh6 21.Ba3 h4 22.f4 
Nd7 23.Bxd6 Qe6 24.Rac1 hxg3 25.Qf3 Nf6 26.e5 Nh5 27.Ne4 b6 28.c5 bxc5 29.
Rxc5 Nf5 30.Ng5 Qe8 31.Rxa5 Nxd6 32.exd6 Rxd6 1/2-1/2

[Event "53rd World U20 ch"]
[Site "Pune IND"]
[Date "2014.10.15"]
[Round "9.65"]
[White "Raivath, Mallela"]
[Black "Verhelst, Joris"]
[Result "0-1"]
[WhiteElo "1070"]
[BlackElo "2042"]
[EventDate "2014.10.06"]
[PlyCount "62"]

1.d4 d5 2.c4 e6 3.Nc3 c6 4.e3 Bd6 5.Nf3 f5 6.Be2 Ne7 7.O-O O-O 8.b3 Nd7 9.
Bb2 Nf6 10.h3 Ne4 11.Rc1 g5 12.Nxe4 fxe4 13.Nd2 Nf5 14.Bg4 Bc7 15.Ba3 Rf7 
16.Bh5 Rg7 17.Re1 Bd7 18.Nf1 Qf6 19.Bg4 Be8 20.Bxf5 Qxf5 21.cxd5 exd5 22.
Nd2 g4 23.hxg4 Rxg4 24.Nf1 Bh5 25.Qd2 Qg5 26.g3 Rh4 27.Nh2 Bf3 28.Nxf3 
exf3 29.Qd1 Qh5 30.Qxf3 Qxf3 31.Kf1 Rh1# 0-1

[Event "53rd World U20 ch"]
[Site "Pune IND"]
[Date "2014.10.15"]
[Round "9.66"]
[White "Saim, Mohamed Ilias"]
[Black "Reddy, Ananta"]
[Result "1-0"]
[WhiteElo "2040"]
[BlackElo "1420"]
[EventDate "2014.10.06"]
[PlyCount "57"]

1.e4 c5 2.Nf3 g6 3.d4 cxd4 4.Nxd4 Nc6 5.c4 Nf6 6.Nc3 d6 7.Nc2 Bg7 8.Be2 h5
9.Bg5 Be6 10.O-O O-O 11.Qd2 Nd7 12.Rad1 f6 13.Bh6 Nb6 14.b3 Kf7 15.Bxg7 
Kxg7 16.f4 Qd7 17.Qe3 Qc7 18.f5 Bf7 19.Qg3 Rh8 20.h4 Nd7 21.Ne3 Nde5 22.
fxg6 Bxg6 23.Ncd5 Qd7 24.c5 Raf8 25.cxd6 exd6 26.Nf4 Kh7 27.Nxg6 Nxg6 28.
Rxd6 Qe7 29.Nf5 1-0

[Event "53rd World U20 ch"]
[Site "Pune IND"]
[Date "2014.10.16"]
[Round "10.1"]
[White "Lu Shanglei"]
[Black "Fedoseev, Vladimir"]
[Result "1-0"]
[WhiteElo "2533"]
[BlackElo "2661"]
[EventDate "2014.10.06"]
[PlyCount "73"]

1.e4 e5 2.Nc3 Nf6 3.g3 d5 4.exd5 Nxd5 5.Bg2 Nf6 6.Nf3 Nc6 7.O-O Bc5 8.d3 
O-O 9.h3 Re8 10.Re1 h6 11.Be3 Nd4 12.Bxd4 Bxd4 13.Qd2 c6 14.Re2 Qb6 15.
Rae1 Bf5 16.Na4 Qb5 17.b3 Rad8 18.c4 Qa6 19.Nxd4 exd4 20.Re5 b5 21.cxb5 
Qc8 22.Rxe8+ Rxe8 23.Rxe8+ Nxe8 24.bxc6 Bxh3 25.Bxh3 Qxh3 26.Qa5 Qe6 27.
Qxa7 Qxc6 28.Qxd4 Nf6 29.Nc5 Qc8 30.a4 Qh3 31.Ne4 Nd7 32.a5 Qf5 33.a6 Ne5 
34.Qd8+ Kh7 35.a7 Nf3+ 36.Kg2 Ne5 37.Nf6+ 1-0

[Event "53rd World U20 ch"]
[Site "Pune IND"]
[Date "2014.10.16"]
[Round "10.3"]
[White "Aravindh, Chithambaram"]
[Black "Cori Tello, Jorge"]
[Result "1/2-1/2"]
[WhiteElo "2475"]
[BlackElo "2612"]
[EventDate "2014.10.06"]
[PlyCount "154"]

1.e4 c5 2.Nf3 e6 3.d4 cxd4 4.Nxd4 Nc6 5.Nc3 Qc7 6.Be3 a6 7.Qd2 Nf6 8.O-O-O
Be7 9.f3 h5 10.Bd3 Ne5 11.Kb1 b5 12.h3 b4 13.Nce2 Bb7 14.Bg5 Rd8 15.Rhe1 
Qc5 16.Nb3 Qb6 17.Qe3 Qc7 18.Bf4 d6 19.g4 Nfd7 20.Rg1 g6 21.Bg3 hxg4 22.
hxg4 Kf8 23.Rh1 Kg7 24.Qd4 Nb8 25.Qxb4 Nxf3 26.Na5 Ba8 27.Rxh8 Rxh8 28.Nc4
e5 29.Qc3 Rh3 30.Rf1 Ng5 31.a3 Nd7 32.Qe1 Nf6 33.Nc3 Qb7 34.Na5 Qc8 35.Nc4
Qxg4 36.Bf2 Ngxe4 37.Nxe4 Bxe4 38.Rg1 Qf4 39.Bg3 Qf5 40.Ne3 Qe6 41.Bxa6 d5
42.Bb5 Bc5 43.Rf1 Bd4 44.a4 Qb6 45.Nd1 Ng4 46.Rxf7+ Kxf7 47.Qf1+ Kg7 48.
Qxh3 Bf5 49.Qh4 Qc5 50.Ka2 Be6 51.Be2 Nf6 52.c3 Bg1 53.Kb1 d4 54.Qh1 Ne4 
55.Bxe5+ Qxe5 56.Qxg1 Bf5 57.Ka1 Nd2 58.Bb5 Nb3+ 59.Ka2 Be6 60.c4 Nd2 61.
b3 Bf5 62.Qf2 Ne4 63.Qe2 Qf4 64.Qb2 Nc5 65.Nf2 Qe3 66.Nd1 Qg1 67.Nf2 Kh7 
68.a5 Qe1 69.b4 d3 70.bxc5 d2 71.Qd4 Qb1+ 72.Ka3 Qc1+ 73.Qb2 Qe1 74.Qd4 
Qc1+ 75.Qb2 Qe1 76.Qd4 Qc1+ 77.Qb2 Qe1 1/2-1/2

[Event "53rd World U20 ch"]
[Site "Pune IND"]
[Date "2014.10.16"]
[Round "10.4"]
[White "Grigorian, Karen H."]
[Black "Bai Jinshi"]
[Result "1/2-1/2"]
[WhiteElo "2591"]
[BlackElo "2406"]
[EventDate "2014.10.06"]
[PlyCount "142"]

1.c4 c5 2.Nc3 Nc6 3.Nf3 g6 4.e3 Nf6 5.d4 cxd4 6.exd4 d5 7.cxd5 Nxd5 8.Qb3 
e6 9.Bb5 Bg7 10.Bg5 Qb6 11.Na4 Qa5+ 12.Bd2 Qc7 13.Rc1 Bd7 14.Nc5 a6 15.Be2
O-O 16.O-O Bc8 17.Rfd1 b6 18.Ne4 Bb7 19.Nc3 Rad8 20.Nxd5 Rxd5 21.Bc4 Rh5 
22.Be2 Bxd4 23.Bg5 Bc5 24.h4 h6 25.Be3 Rd8 26.Rxd8+ Nxd8 27.Qa4 Nc6 28.
Bxc5 Rxc5 29.Rxc5 bxc5 30.Bxa6 Bxa6 31.Qxa6 Nd4 32.a4 Kh7 33.a5 Nc6 34.Qb6
Qxb6 35.axb6 Kg7 36.b7 Kf6 37.g4 e5 38.Nd2 Ke6 39.Ne4 Kd5 40.Nf6+ Ke6 41.
g5 hxg5 42.hxg5 Kd6 43.Ne4+ Kd5 44.f3 Nb8 45.Kf2 Kc6 46.Ke3 Kxb7 47.Nd6+ 
Kc6 48.Nxf7 Kd5 49.Nh8 Ke6 50.Nxg6 Kf5 51.Nf8 Kxg5 52.Ne6+ Kf5 53.Nxc5 Nc6
54.Ne4 Nd4 55.Ng3+ Ke6 56.Ke4 Nb3 57.Nf1 Nc5+ 58.Ke3 Kd5 59.Nd2 Na6 60.Kd3
Nb4+ 61.Kc3 Na2+ 62.Kb3 Nc1+ 63.Ka4 Kd4 64.b4 Ne2 65.Ne4 Ke3 66.b5 Kxf3 
67.b6 Nd4 68.Ng5+ Kf4 69.Nf7 Nc6 70.Kb5 Nb8 71.Nxe5 Kxe5 1/2-1/2

[Event "53rd World U20 ch"]
[Site "Pune IND"]
[Date "2014.10.16"]
[Round "10.5"]
[White "Ghosh, Diptayan"]
[Black "Dragun, Kamil"]
[Result "1/2-1/2"]
[WhiteElo "2508"]
[BlackElo "2546"]
[EventDate "2014.10.06"]
[PlyCount "98"]

1.d4 Nf6 2.c4 g6 3.g3 Bg7 4.Bg2 O-O 5.Nf3 d6 6.O-O Nc6 7.Nc3 a6 8.Bf4 Rb8 
9.Rc1 Bd7 10.a3 b5 11.cxb5 axb5 12.b4 e6 13.e4 Ne7 14.Qb3 Bc6 15.Rfe1 Rb6 
16.Rcd1 Qa8 17.d5 exd5 18.e5 Ne4 19.exd6 cxd6 20.Nb1 Bb7 21.Be3 Rc6 22.Bd4
Rc4 23.Bxg7 Kxg7 24.Nd4 Nf5 25.Nxf5+ gxf5 26.Qb2+ Kg6 27.Nd2 Nxd2 28.Rxd2 
Re8 29.Red1 Re5 30.Rd3 Qe8 31.Qb1 Qe6 32.Bf3 f6 33.Kg2 Kg7 34.Rd4 Rc3 35.
Qb2 Qc8 36.Qd2 Rc2 37.Qf4 Qc3 38.R4d3 Qc4 39.Rd4 Qc3 40.R4d2 Rxd2 41.Rxd2 
Bc6 42.Qd4 Qxd4 43.Rxd4 Kf7 44.Kf1 Kf8 45.Bg2 Kf7 46.Rd3 Bd7 47.f4 Re7 48.
Bxd5+ Be6 49.Bxe6+ Kxe6 1/2-1/2

[Event "53rd World U20 ch"]
[Site "Pune IND"]
[Date "2014.10.16"]
[Round "10.6"]
[White "Duda, Jan-Krzysztof"]
[Black "Bersamina, Paulo"]
[Result "1-0"]
[WhiteElo "2599"]
[BlackElo "2380"]
[EventDate "2014.10.06"]
[PlyCount "164"]

1.e4 d5 2.exd5 Nf6 3.d4 Bg4 4.Be2 Bxe2 5.Qxe2 Qxd5 6.Nf3 e6 7.Nc3 Bb4 8.
O-O Bxc3 9.bxc3 Nc6 10.Re1 O-O 11.c4 Qd6 12.Qe3 Ng4 13.Qc3 Rfd8 14.Bb2 Qb4
15.Qb3 a5 16.c3 Qxb3 17.axb3 b6 18.Bc1 Nf6 19.Bf4 Rac8 20.h3 h6 21.g4 Ne8 
22.Kg2 Kf8 23.Bg3 Rd7 24.Ra2 Rb8 25.Rae2 Ra8 26.Nd2 Ne7 27.f4 Nd6 28.Nf3 
Re8 29.Ne5 Rdd8 30.Bh4 f6 31.Nd3 Kf7 32.Bg3 Nc6 33.Rf1 Ne7 34.Ne5+ Kg8 35.
Nf3 Nc6 36.Nd2 Kf7 37.Kf3 g6 38.Bf2 a4 39.bxa4 Na5 40.c5 bxc5 41.dxc5 Ndc4
42.Nxc4 Nxc4 43.Bd4 Ra8 44.Ra2 g5 45.f5 exf5 46.gxf5 Ne5+ 47.Ke4 Ra5 48.
Rb1 Nd7+ 49.Kd5 Nxc5 50.Kc6 Nd3 51.Rb5 Ra6+ 52.Kxc7 Re7+ 53.Kb8 Re8+ 54.
Kb7 Rea8 55.a5 Ne5 56.Rxe5 fxe5 57.Bb6 e4 58.c4 e3 59.c5 e2 60.Rxe2 Rxa5 
61.Bxa5 Rxa5 62.Rc2 Ra3 63.c6 Rb3+ 64.Ka6 Ra3+ 65.Kb5 Rb3+ 66.Ka5 Ra3+ 67.
Kb5 Rb3+ 68.Kc4 Rb8 69.c7 Rc8 70.Kd4 Kf6 71.Ke4 Re8+ 72.Kf3 Rc8 73.Kg4 Ke5
74.Rc1 Kf6 75.Rc5 Ke7 76.Kh5 Kd6 77.Rc3 Ke5 78.Kg6 Kd4 79.Rc1 Ke5 80.f6 h5
81.Kxg5 Ke6 82.Re1+ Kd5 1-0

[Event "53rd World U20 ch"]
[Site "Pune IND"]
[Date "2014.10.16"]
[Round "10.7"]
[White "Indic, Aleksandar"]
[Black "Das, Sayantan"]
[Result "1-0"]
[WhiteElo "2554"]
[BlackElo "2456"]
[EventDate "2014.10.06"]
[PlyCount "101"]

1.d4 d5 2.Nf3 Nf6 3.c4 c6 4.Nc3 dxc4 5.a4 Bf5 6.e3 e6 7.Bxc4 Bb4 8.O-O O-O
9.Nh4 Bg4 10.f3 Bh5 11.g4 Nd5 12.Ng2 Bg6 13.Na2 Be7 14.e4 Nb6 15.Bb3 a5 
16.Nc3 c5 17.Be3 Na6 18.Kh1 cxd4 19.Bxd4 Bc5 20.Be5 Nb4 21.f4 f6 22.Qxd8 
Raxd8 23.Bc7 Rd2 24.f5 Rxb2 25.Bxe6+ Bf7 26.Nf4 Nc4 27.Rab1 Rc2 28.Rbc1 
Rxc1 29.Rxc1 Be3 30.Rd1 Na6 31.Bxf7+ Rxf7 32.Ne6 h5 33.Rd8+ Kh7 34.Bg3 
hxg4 35.Nf8+ Rxf8 36.Rxf8 Nc5 37.Nd5 Nxa4 38.Ne7 Bc5 39.Re8 Nd6 40.Ra8 b6 
41.Bxd6 Bxd6 42.Ng6 Kh6 43.Nh8 Kh5 44.Nf7 Bf4 45.Rh8+ Bh6 46.Nxh6 gxh6 47.
e5 fxe5 48.Rg8 Nc5 49.f6 a4 50.f7 Ne6 51.Re8 1-0

[Event "53rd World U20 ch"]
[Site "Pune IND"]
[Date "2014.10.16"]
[Round "10.8"]
[White "Kriebel, Tadeas"]
[Black "Oparin, Grigory"]
[Result "0-1"]
[WhiteElo "2428"]
[BlackElo "2552"]
[EventDate "2014.10.06"]
[PlyCount "108"]

1.e4 c5 2.Nf3 d6 3.d4 cxd4 4.Nxd4 Nf6 5.Nc3 a6 6.Be2 e5 7.Nb3 Be7 8.O-O 
O-O 9.Be3 Be6 10.Qd2 Nbd7 11.a4 Nb6 12.a5 Nc4 13.Bxc4 Bxc4 14.Rfd1 Rc8 15.
Nc1 d5 16.Bb6 Qe8 17.Nxd5 Nxe4 18.Qe3 f5 19.Nxe7+ Qxe7 20.Nd3 Rfe8 21.Re1 
Qe6 22.Rad1 Bxd3 23.Qxd3 Nf6 24.c3 Re7 25.Qd6 Kf7 26.Qxe6+ Kxe6 27.Bd4 Ne4
28.f3 exd4 29.Rxd4 Kf6 30.fxe4 Rc5 31.Rf1 Rxa5 32.g4 g6 33.exf5 gxf5 34.
Rd6+ Kg5 35.gxf5 Rf7 36.f6 h5 37.Kg2 Re5 38.Rb6 Re2+ 39.Kg1 h4 40.Rf2 Rxf2
41.Kxf2 Rxf6+ 42.Rxf6 Kxf6 43.Kf3 Kg5 44.c4 a5 45.b3 Kf5 46.Ke3 Kg4 47.Kf2
Kf4 48.Ke2 Ke4 49.h3 Kf4 50.Kf2 b6 51.Ke2 Kg3 52.Ke3 Kxh3 53.Kf3 Kh2 54.
Kf2 h3 0-1

[Event "53rd World U20 ch"]
[Site "Pune IND"]
[Date "2014.10.16"]
[Round "10.9"]
[White "Sunilduth Lyna, Narayanan"]
[Black "Rajpara, Ankit"]
[Result "0-1"]
[WhiteElo "2420"]
[BlackElo "2508"]
[EventDate "2014.10.06"]
[PlyCount "88"]

1.Nf3 d5 2.g3 c6 3.Bg2 Bg4 4.c4 e6 5.O-O Nf6 6.d3 Bd6 7.Qb3 Qc7 8.cxd5 
exd5 9.e4 O-O 10.Nc3 dxe4 11.dxe4 Nbd7 12.Be3 Rfe8 13.Nd4 Nc5 14.Qc2 Ne6 
15.h3 Nxd4 16.Bxd4 Be6 17.f4 Nd7 18.Qf2 f6 19.Rfd1 Bf8 20.Be3 Nb6 21.Ne2 
Nc4 22.Bd4 Bf7 23.b3 Nb6 24.e5 fxe5 25.Bxe5 Rxe5 26.fxe5 Qxe5 27.Rac1 Ba3 
28.Rc2 Bg6 29.Rcd2 Bc5 30.Nd4 Rf8 31.Re2 Qd6 32.Qe3 Rd8 33.Red2 Bb4 34.Rf2
c5 35.Rf4 Re8 36.Qf3 cxd4 37.Kh2 d3 38.h4 h5 39.a3 Be1 40.a4 d2 41.a5 Nd7 
42.Qxb7 Nf6 43.Bf3 Qc5 44.Bg2 Ng4+ 0-1

[Event "53rd World U20 ch"]
[Site "Pune IND"]
[Date "2014.10.16"]
[Round "10.10"]
[White "Repka, Christopher"]
[Black "Karthikeyan, Murali"]
[Result "1/2-1/2"]
[WhiteElo "2418"]
[BlackElo "2495"]
[EventDate "2014.10.06"]
[PlyCount "89"]

1.c4 e5 2.Nc3 Nf6 3.g3 Bb4 4.Bg2 O-O 5.d3 c6 6.Nf3 Re8 7.O-O Bxc3 8.bxc3 
d6 9.e4 h6 10.Nh4 Na6 11.Rb1 d5 12.cxd5 cxd5 13.exd5 Nxd5 14.Qc2 Rb8 15.
Re1 Be6 16.Rxe5 Rc8 17.Bxd5 Bxd5 18.Qe2 Rxe5 19.Qxe5 f6 20.Qf5 Bf7 21.c4 
Nc5 22.d4 Ne6 23.d5 Ng5 24.Qd3 Nh3+ 25.Kf1 Qd7 26.Be3 Ng5 27.Qf5 Qc7 28.
Rc1 Re8 29.Qb1 Qd7 30.Qf5 Qa4 31.Qc2 Qa6 32.Kg2 b5 33.Bxg5 hxg5 34.Nf5 
bxc4 35.Ne3 Qb5 36.Kf1 Rc8 37.Qf5 c3+ 38.Kg1 Rc5 39.Qe4 Qd7 40.Qd4 Qc8 41.
Nf5 Qf8 42.Ne3 Qc8 43.Nf5 Qf8 44.Ne3 Qc8 45.Nf5 1/2-1/2

[Event "53rd World U20 ch"]
[Site "Pune IND"]
[Date "2014.10.16"]
[Round "10.11"]
[White "Ducarmon, Quinten"]
[Black "Ider, Borya"]
[Result "1/2-1/2"]
[WhiteElo "2487"]
[BlackElo "2394"]
[EventDate "2014.10.06"]
[PlyCount "94"]

1.e4 e6 2.Qe2 Be7 3.Nf3 d5 4.d3 Nf6 5.g3 b5 6.Bg2 dxe4 7.dxe4 b4 8.Nbd2 
Ba6 9.Nc4 O-O 10.b3 Nbd7 11.Bb2 Nb6 12.Nfd2 Nfd7 13.O-O e5 14.Rfd1 Bc5 15.
a3 bxa3 16.Bxa3 Qe7 17.Bxc5 Nxc5 18.Ra5 Rad8 19.Rda1 Bxc4 20.Nxc4 Rd4 21.
Ne3 g6 22.c3 Rd7 23.Qb5 Nd3 24.Rxa7 Rfd8 25.R7a2 h5 26.h4 Nc5 27.b4 Nb3 
28.Rb1 Nd2 29.Rd1 Qe6 30.Rb2 Ndc4 31.Rxd7 Rxd7 32.Nxc4 Nxc4 33.Ra2 Kg7 34.
Ra6 Rd1+ 35.Kh2 Nd6 36.Qc5 Nxe4 37.Rxe6 Nxc5 38.Rxe5 Nd3 39.Re2 f5 40.b5 
Rc1 41.Re7+ Kf6 42.Rxc7 Nxf2 43.Bf3 Rc2 44.b6 Ng4+ 45.Kg1 Rc1+ 46.Kg2 Rc2+
47.Kg1 Rc1+ 1/2-1/2

[Event "53rd World U20 ch"]
[Site "Pune IND"]
[Date "2014.10.16"]
[Round "10.12"]
[White "Prasanna, Raghuram Rao"]
[Black "Beradze, Irakli"]
[Result "0-1"]
[WhiteElo "2447"]
[BlackElo "2318"]
[EventDate "2014.10.06"]
[PlyCount "82"]

1.d4 Nf6 2.c4 g6 3.Nc3 Bg7 4.e4 d6 5.Be2 O-O 6.Bg5 c5 7.d5 h6 8.Be3 a6 9.
a4 e5 10.h3 Kh7 11.g4 Ne8 12.Bd3 Nd7 13.Nge2 Bf6 14.h4 Kg7 15.Bxh6+ Kxh6 
16.g5+ Kg7 17.gxf6+ Ndxf6 18.Qd2 Rh8 19.f3 Nh5 20.O-O-O Bd7 21.f4 exf4 22.
Nxf4 Nxf4 23.Qxf4 Qf6 24.Qg3 Qe5 25.Qf2 Nf6 26.Rdf1 Raf8 27.Rfg1 Ng4 28.
Qf3 Rxh4 29.Rxh4 Qg5+ 30.Kb1 Qxh4 31.Qf4 Qh3 32.Bf1 Qe3 33.Rxg4 Qe1+ 34.
Ka2 Bxg4 35.Bd3 Qg1 36.Qxd6 Qd4 37.Bf1 Qf6 38.Qg3 Qxf1 39.Qxg4 Qxc4+ 40.
Kb1 b5 41.d6 Qd3+ 0-1

[Event "53rd World U20 ch"]
[Site "Pune IND"]
[Date "2014.10.16"]
[Round "10.13"]
[White "Vidit, Santosh Gujrathi"]
[Black "Johansson, Linus"]
[Result "1-0"]
[WhiteElo "2635"]
[BlackElo "2401"]
[EventDate "2014.10.06"]
[PlyCount "53"]

1.d4 Nf6 2.c4 e6 3.g3 c5 4.Nf3 cxd4 5.Nxd4 Qb6 6.Bg2 Bc5 7.e3 Nc6 8.O-O 
Nxd4 9.exd4 Bxd4 10.Nc3 e5 11.Nb5 O-O 12.Nxd4 exd4 13.b3 d5 14.Bb2 dxc4 
15.Bxd4 Qa6 16.Qc2 Rd8 17.Qb2 Be6 18.bxc4 Qxc4 19.Bxb7 Rab8 20.Bxa7 Qc7 
21.Bxb8 Rxb8 22.Rab1 Bf5 23.Qb6 Qxb6 24.Rxb6 Nd7 25.Rb4 Bd3 26.Rc1 Ba6 27.
Rc7 1-0

[Event "53rd World U20 ch"]
[Site "Pune IND"]
[Date "2014.10.16"]
[Round "10.14"]
[White "Visakh, N. R."]
[Black "Bok, Benjamin"]
[Result "1/2-1/2"]
[WhiteElo "2300"]
[BlackElo "2591"]
[EventDate "2014.10.06"]
[PlyCount "86"]

1.d4 Nf6 2.Nf3 b6 3.g3 Bb7 4.Bg2 c5 5.O-O cxd4 6.Nxd4 Bxg2 7.Kxg2 Qc8 8.b3
d5 9.Bb2 e6 10.Nd2 Qb7 11.Kg1 b5 12.a4 b4 13.c4 bxc3 14.Bxc3 Nbd7 15.Rc1 
a6 16.Ba5 Bc5 17.N2f3 O-O 18.b4 Bb6 19.Bxb6 Nxb6 20.Ne5 Rfc8 21.Ndc6 Nc4 
22.Nxc4 Qxc6 23.Ne5 Qb6 24.Nd3 Ne4 25.Rc2 Rc4 26.Rxc4 dxc4 27.Ne5 Qxb4 28.
Qd7 Rf8 29.Qd4 Nc3 30.Qd2 Qb3 31.Rc1 Nxa4 32.Rxc4 Nb6 33.Rg4 f5 34.Rxg7+ 
Kxg7 35.Qg5+ Kh8 36.Ng6+ hxg6 37.Qh6+ Kg8 38.Qxg6+ Kh8 39.Qh6+ Kg8 40.Qg6+
Kh8 41.Qh6+ Kg8 42.Qg6+ Kh8 43.Qh6+ Kg8 1/2-1/2

[Event "53rd World U20 ch"]
[Site "Pune IND"]
[Date "2014.10.16"]
[Round "10.15"]
[White "Csonka, Balazs"]
[Black "Idani, Pouya"]
[Result "1-0"]
[WhiteElo "2412"]
[BlackElo "2517"]
[EventDate "2014.10.06"]
[PlyCount "87"]

1.d4 Nf6 2.c4 e6 3.Nf3 b6 4.g3 Bb4+ 5.Bd2 Be7 6.Bg2 c6 7.O-O d5 8.Qc2 Ba6 
9.b3 Nbd7 10.Rd1 Rc8 11.Bf4 c5 12.dxc5 Bxc5 13.Qb2 O-O 14.Nc3 Qe7 15.a3 d4
16.Nb5 e5 17.Bg5 h6 18.Bxf6 Nxf6 19.b4 Bxb5 20.cxb5 Bd6 21.Nd2 Qe6 22.Rac1
Nd5 23.Ne4 Be7 24.Qb3 Rfd8 25.Ng5 Bxg5 26.Bxd5 Qe7 27.Rc6 h5 28.h4 Bh6 29.
Qc4 Rb8 30.Kg2 Rd7 31.e4 Kh7 32.Rd3 Rbd8 33.Rf3 f6 34.Qe2 Rd6 35.Rb3 g6 
36.Rb2 Qd7 37.Qf3 f5 38.Rbc2 Rxd5 39.exd5 e4 40.Qb3 Qxd5 41.Rc7+ Kg8 42.
Qxd5+ Rxd5 43.R2c6 Bf8 44.Rxg6+ 1-0

[Event "53rd World U20 ch"]
[Site "Pune IND"]
[Date "2014.10.16"]
[Round "10.16"]
[White "Bajarani, Ulvi"]
[Black "Navalgund, Niranjan"]
[Result "1-0"]
[WhiteElo "2496"]
[BlackElo "2267"]
[EventDate "2014.10.06"]
[PlyCount "123"]

1.e4 e5 2.Nc3 Nf6 3.g3 Nc6 4.Bg2 Bc5 5.Nge2 a6 6.O-O d6 7.d3 Be6 8.Nd5 h6 
9.c3 Ba7 10.h3 Bxd5 11.exd5 Ne7 12.Qb3 O-O 13.Kh2 c6 14.dxc6 bxc6 15.Qa4 
Qd7 16.Qxa6 Qf5 17.d4 exd4 18.cxd4 Qc2 19.Nc3 Bxd4 20.Qe2 Qxe2 21.Nxe2 Bc5
22.a3 Rfb8 23.Nc3 d5 24.Bf3 Bd4 25.Ra2 Bxc3 26.bxc3 Rb3 27.Bb2 Ne4 28.Bd1 
Rb7 29.a4 Ra5 30.Bc2 Nd2 31.Rd1 Nc4 32.Bc1 Nc8 33.Re1 N8d6 34.g4 Kf8 35.
Bf4 Re7 36.Raa1 g5 37.Rxe7 Kxe7 38.Re1+ Kd7 39.Bc1 Rc5 40.Bb1 Ra5 41.Bc2 
Rc5 42.Re2 Na5 43.Ba3 Rc4 44.Bb4 Ndb7 45.Bd3 Rf4 46.Bf8 Rxa4 47.Re7+ Kd8 
48.Rxf7 Rf4 49.Rxf4 gxf4 50.Bxh6 Nc5 51.Bf5 Nc4 52.Bxf4 Na4 53.h4 Nxc3 54.
h5 Ke7 55.h6 Kf7 56.g5 Ne4 57.g6+ Kf6 58.Bxe4 dxe4 59.h7 Kg7 60.Bh6+ Kh8 
61.Bg5 Kg7 62.Bf6+ 1-0

[Event "53rd World U20 ch"]
[Site "Pune IND"]
[Date "2014.10.16"]
[Round "10.17"]
[White "Nasanjargal, Urtnasan"]
[Black "Tari, Aryan"]
[Result "0-1"]
[WhiteElo "2330"]
[BlackElo "2450"]
[EventDate "2014.10.06"]
[PlyCount "108"]

1.d4 Nf6 2.Nf3 d5 3.e3 g6 4.Bd3 Bg7 5.O-O O-O 6.Nbd2 c5 7.b3 Nc6 8.Bb2 Nd7
9.c4 cxd4 10.exd4 Nc5 11.Be2 Ne6 12.cxd5 Qxd5 13.Bc4 Qf5 14.Re1 Nexd4 15.
Nxd4 Nxd4 16.Rxe7 b5 17.Bf1 Be6 18.Rc1 Rfd8 19.Ba1 Bh6 20.Bc3 Nc6 21.g4 
Qxg4+ 22.Qxg4 Bxg4 23.Ne4 Nxe7 24.Nf6+ Kh8 25.Nxg4+ Bg7 26.Bxb5 Bxc3 27.
Rxc3 Nd5 28.Rf3 Kg7 29.Ne3 Nb6 30.Nc4 Rab8 31.a4 Rd5 32.Re3 Kf6 33.Rf3+ 
Rf5 34.Rd3 Nxc4 35.bxc4 Rb7 36.a5 Re7 37.Kf1 a6 38.Bxa6 Rxa5 39.Bb5 Ra1+ 
40.Kg2 Rc1 41.Rf3+ Kg7 42.Rf4 Re5 43.Bc6 Rc2 44.Bd5 f5 45.h4 Kf6 46.Bf3 
Rc5 47.Bd5 Ra5 48.Rf3 Raa2 49.Bg8 h6 50.h5 g5 51.Bh7 Ra5 52.Bg8 g4 53.Rb3 
Raa2 54.Kg3 Rxf2 0-1

[Event "53rd World U20 ch"]
[Site "Pune IND"]
[Date "2014.10.16"]
[Round "10.19"]
[White "Van Kampen, Robin"]
[Black "Kumaran, Balaji"]
[Result "1/2-1/2"]
[WhiteElo "2641"]
[BlackElo "2239"]
[EventDate "2014.10.06"]
[PlyCount "69"]

1.e4 c5 2.Nf3 Nc6 3.Nc3 e5 4.Bc4 Be7 5.d3 Nf6 6.Bg5 d6 7.Bxf6 Bxf6 8.Nd5 
Be6 9.c3 O-O 10.a3 Rb8 11.O-O b5 12.Ba2 Bxd5 13.Bxd5 Ne7 14.Ba2 Qb6 15.Re1
a5 16.g3 a4 17.h4 h5 18.Ng5 g6 19.g4 Bxg5 20.hxg5 h4 21.Re3 Kg7 22.Rh3 f6 
23.Qd2 Qd8 24.gxf6+ Rxf6 25.Qg5 Rf8 26.Rxh4 Ng8 27.Qxd8 Rbxd8 28.g5 Rf3 
29.Kg2 Rdf8 30.Rf1 Rxd3 31.Rfh1 Rf4 32.Rh8 Rg4+ 33.Kf1 Rd1+ 34.Ke2 Rxh1 
35.Rxh1 1/2-1/2